000 00296nam a22001337a 4500
003 SGT
020 _a978-93-48734-50-1
082 _a658
_bWAD
100 _aWADHER, KAMLESH
245 _aENTERPRENURSHIP MANAGEMENT
260 _aINIDA
_bPHARAMED PUB.
_c2025
300 _a181
942 _2ddc
_cBK
999 _c32431
_d32431